000 00330 a2200157 4500
001 58834
020 _a8508061692
040 _cAnchieta - Pituba
100 _aHepper, Nigel
240 1 0 _aOnde o mundo começou
_lpor
245 1 0 _aOnde o mundo começou
300 _a20
362 0 _a1996
650 4 _aReligião
942 _cBK
999 _c58834
_d58834